Perspectives of Modern Physics /

Đã lưu trong:
Sonraí Bibleagrafaíochta
Príomhúdar: Beiser, Arthur
Formáid: Sách giấy
Teanga:English
Foilsithe: Singapore : McGraw-Hill, 1969
Clibeanna: Cuir Clib Leis
Gan Chlibeanna, Bí ar an gcéad duine leis an taifead seo a chlibeáil!
Thư viện lưu trữ: Thư viện Trường Đại học Đà Lạt
LEADER 00561nam a2200241 4500
001 DLU020000700
005 ##12/29/1998
020 # # |a 0-07-085047-X 
041 # # |a eng 
082 # # |a 530  |b BE-A 
100 # # |a Beiser, Arthur 
245 # # |a Perspectives of Modern Physics /  |c Arthur Beiser  
260 # # |a Singapore :  |b McGraw-Hill,  |c 1969 
300 # # |a VII, 611 tr.;  |c 21 cm. 
992 # # |a 175000 
994 # # |a DLU 
900 # # |a False 
911 # # |a Administrator 
925 # # |a G 
926 # # |a A 
927 # # |a SH 
980 # # |a Thư viện Trường Đại học Đà Lạt